Music Quiz

Random Music Quiz

More #1s Than Not (US) Quiz Stats

 Plays Quiz not verified by Sporcle

Score 0/17 Timer 05:00
0 Plays Today
Ratio Artist % Correct
20 out of 34The Beatles
93.9%
18 out of 27Mariah Carey
69.6%
9 out of 15Bee Gees
43.2%
9 out of 15Usher
42.5%
12 out of 20The Supremes
36.1%
4 out of 6Adele
35.3%
6 out of 8Paula Abdul
28.2%
3 out of 5Milli Vanilli
23.9%
7 out of 13Phil Collins
22.5%
Ratio Artist % Correct
9 out of 13Katy Perry
20.4%
5 out of 6KC & The Sunshine Band
16.4%
4 out of 6Roxette
15.7%
3 out of 5Fergie
14.6%
3 out of 5George Harrison
11.4%
3 out of 5Steve Miller Band
8.6%
3 out of 5Sly & The Family Stone
7.1%
4 out of 7John Denver
7.1%

You're not logged in!

Compare scores with friends on all Sporcle quizzes.
OR
Log In

Show Comments

Extras

Created Nov 23, 2010ReportNominate
Tags:hot, Top 10

Top Quizzes Today


Score Distribution

Your Account Isn't Verified!

In order to create a playlist on Sporcle, you need to verify the email address you used during registration. Go to your Sporcle Settings to finish the process.

Report this User

Report this user for behavior that violates our Community Guidelines.

Details: